| 000 | 00492 a2200157 4500 | ||
|---|---|---|---|
| 999 |
_c7443 _d7443 |
||
| 020 | _a0712676503 | ||
| 050 | _aHD50.5 JEN 1996 | ||
| 100 |
_aJenkins, David _d1927- _eauthor |
||
| 245 |
_aManaging empowerment: _bhow to make business re-engineering work / _cDavid Jenkins |
||
| 264 |
_aLondon : _bCentury Business, _c1996. |
||
| 300 |
_a152p. : _bills. ; 25 cm |
||
| 500 | _aIncludes index | ||
| 650 | _aEmployee empowerment | ||
| 650 | _aOrganizational change | ||
| 942 |
_2lcc _cBK _h50.5 _iJEN _kHD |
||